Piłkarska kariera Franka Lamparda. - Statystyki

Ogólne statystyki
  • Ten quiz został rozwiązany 149 razy
  • Średni wynik to 3 z 5
Statystyki odpowiedzi
Lata Drużyna % Poprawnych
2001-2014 Chelsea
99%
2014-2015 Manchester City
86%
2014-2017 New York City
58%
1995-2001 West Ham
50%
1995-1996 Swansea
8%
Nie znaleziono quizów pasujących do podanych kryteriów
Rozkład punktacji
Procent ludzi z każdym wynikiem
Percentyl według liczby udzielonych odpowiedzi
Twoja historia wyników
Nie rozwiązałeś tego quizu